Instituciones financieras y sus experiencias de financiamiento con empresas el sector de biocomercio y sus requerimientos en materia de capacitación (Registro nro. 6548)

Detalles MARC
000 -CABECERA
Campo de control 01091nam a2200217 a 4500
005 - FECHA Y HORA DE LA ULTIMA TRANSACCION
Campo de control 20180803165402.0
008 - ELEMENTOS DE LONGITUD FIJA—INFORMACION GENERAL
Campo de control 140129b20082009ck ||||| |||| 00| 0 spa d
040 ## - FUENTE DE CATALOGACIÓN
Agencia transcriptora CO-BoIH
041 ## - IDIOMA
Código de idioma para texto/pista de sonido o título separado Español
044 ## - PAÍS DE PUBLICACIÓN
País de publicación Colombia
090 ## - CLASIFICACIÓN LOCAL
Colección IAVH
Consecutivo 00955
245 ## - MENCION DE TITULO
Título Instituciones financieras y sus experiencias de financiamiento con empresas el sector de biocomercio y sus requerimientos en materia de capacitación
260 ## - PUBLICACION, DISTRIBUCION, ETC. (PIE DE IMPRENTA)
Lugar de publicación, distribución, etc. Bogotá
Nombre del editor, distribuidor, etc. Instituto Alexander von Humboldt
-- CAF
-- PNUMA
Fecha de publicación, distribución, etc. 2008-09-08
300 ## - DESCRIPCION FISICA
Extensión 3 p.
520 ## - NOTA DE RESUMEN, ETC.
Nota de resumen Este artículo pertenece a la publicación adelantada en el marco del proyecto Facilitación de financiamiento para negocios basados en la biodiversidad y apoyo a actividades de desarrollo de mercados en la región Andina; presenta los principales aspectos encontrados a partir de la encuesta realizada a los principales oferentes de recursos que intervienen en iniciativas de biocomercio sostenible
650 ## - ASIENTO SECUNDARIO DE MATERIA - TERMINO TEMATICO
Término temático o nombre geográfico como elemento de entrada Sector biocomercio
650 ## - ASIENTO SECUNDARIO DE MATERIA - TERMINO TEMATICO
Término temático o nombre geográfico como elemento de entrada Instituciones financieras
650 ## - ASIENTO SECUNDARIO DE MATERIA - TERMINO TEMATICO
Término temático o nombre geográfico como elemento de entrada Capacitación
942 ## - ELEMENTOS ADICIONALES (KOHA)
Tipo de ítem Informe Técnico
Sistema de clasificación Local
945 ## - PROCESAMIENTO LOCAL
AAAA-MM-DD - Fecha de ingreso o modificacion 2008-09-08
Existencias
Withdrawn status Lost status Sistema de Clasificación Damaged status No para préstamo Colección Inventariado Ubicación Permanente Ubicación actual Fecha de adquisición Total Checkouts Número topográfico Inventario / Código de Barras Date last seen Ejemplar Price effective from Forma de adquisición Tipo de material
    Local     Humboldt Inventariado 2017 Bogotá Bogotá 08/09/2008   IAVH-00955 026366 09/08/2024 Ej. 1 04/12/2012   Informe Técnico